Biggest cities in different US regions - Statistics

General Stats
  • This quiz has been taken 37 times
  • The average score is 17 of 30
Answer Stats
Hint Answer % Correct
673,458 Boston
100%
3,879,000 Los Angeles
100%
487,014 Miami
100%
1,010,000 Jacksonville
96%
8,478,000 New York City
96%
414,547 Tampa
96%
334,854 Orlando
93%
314,915 Cincinnati
89%
194,706 Providence
82%
211,286 Worcester
68%
151,599 Bridgeport
64%
640,796 Louisville
64%
267,102 St. Petersburg
64%
211,040 Yonkers
64%
302,824 Jersey City
61%
450,901 Long Beach
61%
317,303 Newark
61%
154,888 Springfield
61%
307,668 Pittsburgh
57%
115,395 Evansville
29%
187,823 Glendale
29%
167,426 Lancaster
29%
123,624 Rochester
29%
229,159 Santa Clarita
29%
160,463 Paterson
21%
58,987 Dubuque
18%
60,675 Owensboro
18%
51,049 La Crosse
14%
26,173 Winona
11%
23,140 Freeport
0%
No matching quizzes found
Score Distribution
Percent of People with Each Score
Percentile by Number Answered
Your Score History
You have not taken this quiz